000 00505nam a2200157 i 4500
001 62630
003 ES-MaACL
007 t|
008 031124s1974 sp ||||1| spa d
100 1 _aFernández Amatriain, Jesús.
_949461
245 1 3 _aLa bolsa
_b: su técnica y organización, cómo operar en el mercado de valores /
_cJesús Fernández Amatriain.
250 _a[3ª ed., rev. y aum.].
260 _aBilbao :
_bDeusto,
_c[1974]
300 _a515 p. ;
_c24 cm.
852 _aES-MaACL
_jE-7237
_bR.91639
999 _c62630
_d62630